Statistics for Countries and Territories that have issued Zinc coins

Click here to take the quiz!

General Stats

  • This quiz has been taken 6 times
  • The average score is 19 of 38

Answer Stats

Years:Answer% Correct
1947-1994Austria
83%
1915-1918; 1941-1947Belgium
83%
1940-1944Bohemia and Moravia
83%
1917Bulgaria
83%
1941Croatia
83%
1941-1946France
83%
1940-1948Germany
83%
1941-1944Netherlands
83%
1941-1944Romania
83%
1942-1943Serbia
83%
1943; 1982-dateUnited States
83%
1947-1957Albania
67%
1997-2012Canada
67%
1923-1925Czechoslovakia
67%
1941-1972Denmark
67%
1943-1944Hungary
67%
1941-1945Norway
67%
1941-1944Poland
67%
1942Slovakia
67%
1987-2007Barbados
50%
1915-1916Luxembourg
50%
1942-1946Switzerland
50%
2018-dateUkraine
50%
1945Yugoslavia
50%
1985-2015Bahamas
33%
1983-datePanama
33%
1942Bolivia
17%
1984-1987Dominican Republic
17%
1942Iceland
17%
1940-1941Lebanon
17%
1989Malaysia
17%
1992-2002Singapore
17%
1940Syria
17%
1941-1945Tunisia
17%
1991-2008Bermuda
0%
1990-2001Fiji
0%
1939-1944French Indochina
0%
1950-1965Peru
0%

Score Distribution

Percentile by Number Answered

Percent of People with Each Score

Your Score History

You have not taken this quiz